000 003170000a22001450004500
003 MACL
040 _aMACL
090 _c32652
_d32650
100 _aBurcham, W E
245 _aNuclear and Particle Physics
260 _bAddison Wesley Longman
_c1998
350 _a765
650 _aPhysics
942 _cBOOK
_k530.4/BUR
999 _c32318
_d32318